00792nam a2200121Ia 4500008004100000020001800041100013200059245024400191260002700435650014300462650001200605856005300617171212s9999 xx 000 0 und d a9780833088307 aChase, Michael S.;Engstrom, Jeffrey;Cheung, Tai Ming;Gunness, Kristen A.;Harold, Scott Warren;Puska, Susan;Berkowitz, Samuel K. cChase, Michael S.;Engstrom, Jeffrey;Cheung, Tai Ming;Gunness, Kristen A.;Harold, Scott Warren;Puska, Susan;Berkowitz, Samuel K.aChina’s Incomplete Military TransformationbAssessing the Weaknesses of the People’s Liberation Army (PLA) bRAND Corporationc2015 aChina. Zhongguo ren min jie fang jun; China -- Military policy; China -- Strategic aspects; Defense industries -- China; China -- Defenses aHistory uhttp://www.jstor.org/stable/10.7249/j.ctt13x1fwr